000 00455nam a2200181 i 4500
001 bg
100 1 _aCZERWIŃSKI, Andrzej
245 0 _aWstęp do sozologii /
_cA. Czerwiński, L. Czaja.
260 _aBiałystok,
_c1985.
650 9 _aSozologia
650 9 _aŚrodowisko człowieka
_xochrona
700 1 _aCZAJA, Leszek
040 _cBPK
041 _apol
080 _a502.5:574](075.8)
942 _cKS
008 s pl f |000 0 pol
999 _c3119
_d3119
856 _uhttp://koha.tu.koszalin.pl/cgi-bin/koha/opac-detail.pl?biblionumber=3119
_yKatalog online BPK